000 00869nam a22002417a 4500
005 2011102403303.0
008 111024t xxu||||| |||| 00| 0 eng d
010 _aENG-103980
020 _a9789381385418
_c650.00
035 _aEN-87513
037 _bDBAD/PUB
040 _aDPL
_bEng
082 _a307.14
100 _935586
245 _aRural development and policies /
_cedited by B.D. Sharma
260 _aDelhi
_bAncient Publishing House
_c2011
270 _aV-75, Street No. 15-A, Vijay Park, Near C-11, Shiv Sadhana Mandir, Yamuna Vihar
_bDelhi
_e110053
300 _avi,284p.
_c22cm (Hb)
500 _aIncludes index
700 _935585
_aSharma, B.D.
942 _2ddc
_cEN
_h307.14
_mRUR
999 _c57846
_d57846